<?xml version="1.0" encoding="UTF-8"?>
<record
    xmlns:xsi="http://www.w3.org/2001/XMLSchema-instance"
    xsi:schemaLocation="http://www.loc.gov/MARC21/slim http://www.loc.gov/standards/marcxml/schema/MARC21slim.xsd"
    xmlns="http://www.loc.gov/MARC21/slim">

  <leader>01523nam0a2200385   4500</leader>
  <controlfield tag="001">RU\NLR\bibl\1946637</controlfield>
  <controlfield tag="005">20250616203704.0</controlfield>
  <datafield tag="010" ind1=" " ind2=" ">
    <subfield code="a">978-5-7103-1948-2</subfield>
    <subfield code="9">500</subfield>
  </datafield>
  <datafield tag="021" ind1=" " ind2=" ">
    <subfield code="a">RU</subfield>
    <subfield code="b">2012-64852</subfield>
    <subfield code="9">4766</subfield>
  </datafield>
  <datafield tag="035" ind1=" " ind2=" ">
    <subfield code="a">(NLR Aleph) 001935842</subfield>
  </datafield>
  <datafield tag="090" ind1=" " ind2=" ">
    <subfield code="a">3498476</subfield>
    <subfield code="c">3498476</subfield>
  </datafield>
  <datafield tag="100" ind1=" " ind2=" ">
    <subfield code="a">20120920d2008    |||y0rusy50      ca</subfield>
  </datafield>
  <datafield tag="101" ind1="0" ind2=" ">
    <subfield code="a">rus</subfield>
  </datafield>
  <datafield tag="102" ind1=" " ind2=" ">
    <subfield code="a">RU</subfield>
  </datafield>
  <datafield tag="105" ind1=" " ind2=" ">
    <subfield code="a">a   |||||||||</subfield>
  </datafield>
  <datafield tag="200" ind1="1" ind2=" ">
    <subfield code="a">&#x421;&#x442;&#x430;&#x440;&#x43E;&#x430;&#x43A;&#x448;&#x438;&#x43D;&#x441;&#x43A;&#x438;&#x435; &#x43F;&#x43E;&#x43C;&#x435;&#x449;&#x438;&#x43A;&#x438;</subfield>
    <subfield code="e">&#x438;&#x437; &#x438;&#x441;&#x442;&#x43E;&#x440;&#x438;&#x438; &#x440;&#x43E;&#x434;&#x43E;&#x432;&#x43E;&#x433;&#x43E; &#x433;&#x43D;&#x435;&#x437;&#x434;&#x430; &#x41E;&#x433;&#x430;&#x440;&#x435;&#x432;&#x44B;&#x445; &#x438; &#x421;&#x430;&#x442;&#x438;&#x43D;&#x44B;&#x445;</subfield>
    <subfield code="e">&#x43C;&#x43E;&#x43D;&#x43E;&#x433;&#x440;&#x430;&#x444;&#x438;&#x44F;</subfield>
    <subfield code="f">&#x421;.&#x411;. &#x411;&#x430;&#x445;&#x43C;&#x443;&#x441;&#x442;&#x43E;&#x432;</subfield>
  </datafield>
  <datafield tag="205" ind1=" " ind2=" ">
    <subfield code="a">2-&#x435; &#x438;&#x437;&#x434;., &#x438;&#x441;&#x43F;&#x440;. &#x438; &#x434;&#x43E;&#x43F;.</subfield>
  </datafield>
  <datafield tag="210" ind1=" " ind2=" ">
    <subfield code="a">&#x421;&#x430;&#x440;&#x430;&#x43D;&#x441;&#x43A;</subfield>
    <subfield code="c">&#x418;&#x437;&#x434;-&#x432;&#x43E; &#x41C;&#x43E;&#x440;&#x434;&#x43E;&#x432;&#x441;&#x43A;&#x43E;&#x433;&#x43E; &#x443;&#x43D;&#x438;&#x432;&#x435;&#x440;&#x441;&#x438;&#x442;&#x435;&#x442;&#x430;</subfield>
    <subfield code="d">2008</subfield>
  </datafield>
  <datafield tag="215" ind1=" " ind2=" ">
    <subfield code="a">169, [2] &#x441;.</subfield>
    <subfield code="c">&#x438;&#x43B;., &#x43F;&#x43E;&#x440;&#x442;&#x440;.</subfield>
    <subfield code="d">21</subfield>
  </datafield>
  <datafield tag="320" ind1=" " ind2=" ">
    <subfield code="a">&#x411;&#x438;&#x431;&#x43B;&#x438;&#x43E;&#x433;&#x440;. &#x432; &#x43F;&#x440;&#x438;&#x43C;&#x435;&#x447;. &#x432; &#x43A;&#x43E;&#x43D;&#x446;&#x435; &#x43A;&#x43D;.</subfield>
  </datafield>
  <datafield tag="602" ind1=" " ind2=" ">
    <subfield code="a">&#x41E;&#x433;&#x430;&#x440;&#x435;&#x432;&#x44B; (&#x440;&#x43E;&#x434;)</subfield>
    <subfield code="9">2360781</subfield>
    <subfield code="3">RU\NLR\auth\661409757</subfield>
  </datafield>
  <datafield tag="602" ind1=" " ind2=" ">
    <subfield code="a">&#x421;&#x430;&#x442;&#x438;&#x43D;&#x44B; (&#x440;&#x43E;&#x434;)</subfield>
    <subfield code="9">2360783</subfield>
    <subfield code="3">RU\NLR\auth\661409758</subfield>
  </datafield>
  <datafield tag="607" ind1=" " ind2=" ">
    <subfield code="a">&#x421;&#x442;&#x430;&#x440;&#x43E;&#x435; &#x410;&#x43A;&#x448;&#x438;&#x43D;&#x43E;, &#x441;&#x435;&#x43B;&#x43E; (&#x41C;&#x43E;&#x440;&#x434;&#x43E;&#x432;&#x438;&#x44F;)</subfield>
    <subfield code="x">&#x418;&#x441;&#x442;&#x43E;&#x440;&#x438;&#x44F;</subfield>
    <subfield code="9">2360812</subfield>
    <subfield code="3">RU\NLR\auth\661409772</subfield>
  </datafield>
  <datafield tag="686" ind1=" " ind2=" ">
    <subfield code="a">&#x422;214(2)0-21</subfield>
  </datafield>
  <datafield tag="686" ind1=" " ind2=" ">
    <subfield code="a">&#x422;3(2&#x420;-6&#x41C;&#x43E;)</subfield>
  </datafield>
  <datafield tag="700" ind1=" " ind2="1">
    <subfield code="a">&#x411;&#x430;&#x445;&#x43C;&#x443;&#x441;&#x442;&#x43E;&#x432;</subfield>
    <subfield code="b">&#x421;. &#x411;.</subfield>
    <subfield code="g">&#x421;&#x435;&#x440;&#x433;&#x435;&#x439; &#x411;&#x43E;&#x440;&#x438;&#x441;&#x43E;&#x432;&#x438;&#x447;</subfield>
    <subfield code="4">070</subfield>
  </datafield>
  <datafield tag="722" ind1=" " ind2=" ">
    <subfield code="a">&#x41E;&#x433;&#x430;&#x440;&#x435;&#x432;&#x44B; (&#x440;&#x43E;&#x434;)</subfield>
  </datafield>
  <datafield tag="722" ind1=" " ind2=" ">
    <subfield code="a">&#x421;&#x430;&#x442;&#x438;&#x43D;&#x44B; (&#x440;&#x43E;&#x434;)</subfield>
  </datafield>
  <datafield tag="801" ind1=" " ind2="0">
    <subfield code="a">RU</subfield>
    <subfield code="b">NLR</subfield>
    <subfield code="c">20120920</subfield>
    <subfield code="g">RCR</subfield>
  </datafield>
  <datafield tag="801" ind1=" " ind2="1">
    <subfield code="a">RU</subfield>
    <subfield code="b">NLR</subfield>
    <subfield code="c">20120920</subfield>
  </datafield>
  <datafield tag="942" ind1=" " ind2=" ">
    <subfield code="c">BOOK</subfield>
  </datafield>
  <datafield tag="980" ind1=" " ind2=" ">
    <subfield code="a">NB</subfield>
  </datafield>
  <datafield tag="980" ind1=" " ind2=" ">
    <subfield code="a">GENEAL02</subfield>
  </datafield>
  <datafield tag="995" ind1=" " ind2=" ">
    <subfield code="5">2012-09-20</subfield>
    <subfield code="a">ad</subfield>
    <subfield code="b">NLR01</subfield>
    <subfield code="c">NLR01</subfield>
    <subfield code="e">RF8</subfield>
    <subfield code="f">3730126</subfield>
    <subfield code="k">2012-3/27958</subfield>
    <subfield code="o">0</subfield>
    <subfield code="r">BOOK</subfield>
    <subfield code="s">2012327958_</subfield>
  </datafield>
</record>
